Idu entha lokavayya. (Record no. 101140)

MARC details
000 -LEADER
fixed length control field 00610nam a2200205Ia 4500
003 - CONTROL NUMBER IDENTIFIER
control field OSt
005 - DATE AND TIME OF LATEST TRANSACTION
control field 20260601154704.0
008 - FIXED-LENGTH DATA ELEMENTS--GENERAL INFORMATION
fixed length control field 210210b1997 xxu||||| |||| 00| 0 eng d
040 ## - CATALOGING SOURCE
Transcribing agency AL
041 ## - LANGUAGE CODE
Language code of text/sound track or separate title Kannada
082 ## - DEWEY DECIMAL CLASSIFICATION NUMBER
Classification number 364.163K MAII
100 ## - MAIN ENTRY--PERSONAL NAME
Personal name MAISURU NAGARAJA SHARMA.
Dates associated with a name ಮೈಸೂರು ನಾಗರಾಜ ಶರ್ಮಾ
9 (RLIN) 264916
245 ## - TITLE STATEMENT
Title Idu entha lokavayya.
Remainder of title ಇದು ಎಂಥಾ ಲೋಕವಯ್ಯ
260 ## - PUBLICATION, DISTRIBUTION, ETC.
Place of publication, distribution, etc. Maisuru.
Name of publisher, distributor, etc. Shilpashree prakashana
Date of publication, distribution, etc. 1997
300 ## - PHYSICAL DESCRIPTION
Extent 153
650 ## - SUBJECT ADDED ENTRY--TOPICAL TERM
Topical term or geographic name entry element vanchane mosa
9 (RLIN) 264917
690 ## - LOCAL SUBJECT ADDED ENTRY--TOPICAL TERM (OCLC, RLIN)
Topical term or geographic name as entry element Criminology
9 (RLIN) 264918
906 ## - LOCAL DATA ELEMENT F, LDF (RLIN)
a 052616
942 ## - ADDED ENTRY ELEMENTS (KOHA)
Source of classification or shelving scheme Dewey Decimal Classification
Koha item type Book
Holdings
Withdrawn status Lost status Source of classification or shelving scheme Damaged status Not for loan Collection code Home library Current library Shelving location Date acquired Cost, normal purchase price Total Checkouts Full call number Barcode Date last seen Price effective from Koha item type
    Dewey Decimal Classification     Social Work St Aloysius Library St Aloysius Library   02/17/2021 60.00   364.163K MAII 052616 02/17/2021 02/17/2021 Book